000 00716nam a2200277Ia 4500
001 6497
005 20240113233921.0
007 ta
008 050627s1955 a g b000 u eng u
040 _aCotton College,Assam
041 _aeng
082 _a535.1
_bP 35 Q
100 _aPeierls, R.E. .
245 0 _aQuantum Theory of Solids /
_cR.E. Peierls.
_hTextual Documents
250 _a1st ed. /
260 _aOxford :
_bClarendon Press ,
_c1955.
300 _avi, 229p. :
_bill. ;
_c24cm .
504 _aIndex
653 _aPhysics
653 _aQuantum Theory-Solids
653 _aSolids-Quantum Theory
653 _aPG-Physics
942 _2ddc
_cBK
999 _c6484
_d6484